000
00272nam a22001217a 4500
008
181102b xxu||||| |||| 00| 0 eng d
041
_a
eng
080
_a
316
100
_a
48
101
_a
EDU
245
_a
Dimension Of Human Behavio
_c
Elizabeth.D.H
942
_2
udc
_c
BK
999
_c
51762
_d
51762